US States that Do Not Follow Common Core Standards - Statistics

General Stats
  • This quiz has been taken 20 times
  • The average score is 6 of 9
Answer Stats
Answer % Correct
Texas
90%
Alaska
85%
Florida
80%
Arizona
70%
South Carolina
65%
Nebraska
60%
Oklahoma
55%
Virginia
55%
Indiana
50%
No matching quizzes found
Score Distribution
Percent of People with Each Score
Percentile by Number Answered
Your Score History
You have not taken this quiz